000 00300nam a2200133Ia 4500
100 _aNational Productivity Council
942 _cBK
654 _aLayout
245 _aPlant Layout in Japan
260 _bNational Productivity Council
_c2001
082 _a658.2
300 _a136
546 _aENGLISH
999 _c22780
_d22780